ENVIRONMENTAL impact assessment guidelines for thermal power generation and/or transmission project

Bibliographic Details
Corporate Author: Malaysia
Format: Book
Published: Kuala Lumpur : Jabatan Alam Sekitar , 1995
Subjects:

MARC

LEADER 00000cam a2200000 7i4500
001 0000001245
005 20020306.0
020 0 0 |a 9839119362 
090 0 0 |a 333.9141109595   |b ENV 1995 
245 0 0 |a ENVIRONMENTAL impact assessment guidelines for thermal power generation and/or transmission project 
260 0 0 |a Kuala Lumpur :   |b Jabatan Alam Sekitar ,   |c 1995 
300 |a 1 v. ;   |c 30 cm. 
500 0 0 |a Includes bibliographies 
650 0 0 |a Water-power   |z Malaysia 
710 1 1 |a Malaysia ,   |c Department of Environment ,   |c Ministry of Science, Technology and Environment 
998 |a JPSM 
999 |a 0000000616   |b Monograph   |c Open Shelf   |e Default branch 
999 |a 0000005983   |b Monograph   |c Open Shelf   |e Default branch